000 002450000a22000970004500
100 1 _aOrtiz, Loida A.
245 1 0 _aMás allá de la tinta
300 _aVol. 50, Núm 220 (1995), Páginas 8-10
773 0 _tLa Biblia de las Américas
942 _cANA
999 _c51402
_d51402